The Canterville ghost / (Record no. 2776)

MARC details
000 -LEADER
fixed length control field 00984pam a2200277 a 4500
005 - DATE AND TIME OF LATEST TRANSACTION
control field 20240115102434.0
020 ## - INTERNATIONAL STANDARD BOOK NUMBER
International Standard Book Number 0887080278
040 ## - CATALOGING SOURCE
Original cataloging agency DLC
Transcribing agency DLC
Modifying agency DLC
Language of cataloging eng
050 00 - LIBRARY OF CONGRESS CALL NUMBER
Classification number PZ7.W64583
Item number Can 1986
082 00 - DEWEY DECIMAL CLASSIFICATION NUMBER
Classification number 428
Edition number 19
100 1# - MAIN ENTRY--PERSONAL NAME
Personal name Wilde, Oscar
Dates associated with a name 1854-1900
245 14 - TITLE STATEMENT
Title The Canterville ghost /
Statement of responsibility, etc. Oscar Wilde ; illustrated by Summer Durantz
250 ## - EDITION STATEMENT
Edition statement This simplified edition Oxford University Press 2008
260 ## - PUBLICATION, DISTRIBUTION, ETC.
Place of publication, distribution, etc. Oxford :
Name of publisher, distributor, etc. Oxford University Press,
Date of publication, distribution, etc. 2002
300 ## - PHYSICAL DESCRIPTION
Extent 56 pages :
Other physical details illustrations ;
Dimensions 20 cm
505 ## - FORMATTED CONTENTS NOTE
Formatted contents note P
520 ## - SUMMARY, ETC.
Summary, etc. A celebrated and feared English ghost is outraged when the new American owners of his haunting place refuse to take him seriously and actually fight back against him.
521 ## - TARGET AUDIENCE NOTE
Target audience note 770
Source Lexile
521 ## - TARGET AUDIENCE NOTE
Target audience note P
Source Raz-Plus
650 #1 - SUBJECT ADDED ENTRY--TOPICAL TERM
Topical term or geographic name entry element Ghosts
General subdivision Fiction.
700 1# - ADDED ENTRY--PERSONAL NAME
Personal name Durantz, Summer
Relator term illustrator
700 1# - ADDED ENTRY--PERSONAL NAME
Personal name Escott, John
Relator term relator
906 ## - LOCAL DATA ELEMENT F, LDF (RLIN)
a 7
b cbc
c orignew
d 1
e ocip
f 19
g y-gencatlg
942 ## - ADDED ENTRY ELEMENTS (KOHA)
Source of classification or shelving scheme Dewey Decimal Classification
Koha item type Books
Suppress in OPAC No
999 ## -
-- 2776
-- 2776
Holdings
Withdrawn status Lost status Source of classification or shelving scheme Damaged status Not for loan Collection Home library Current library Shelving location Date acquired Total Checkouts Full call number Barcode Date last seen Price effective from Koha item type
    Dewey Decimal Classification     Fiction Footprints International School Library Network Toul Kork Campus Footprints International School Library Network Toul Kork Campus   01/15/2024   WIL 428 PZ7.W64583 FIS00256 01/15/2024 01/15/2024 Books